Contabilidad y fiscalidad de las combinaciones de negocios y otras operaciones societarias (Registro nro. 161825)
[ vista simple ]
| 000 -LEADER | |
|---|---|
| fixed length control field | 01850nam a2200361 a 4500 |
| 007 - PHYSICAL DESCRIPTION FIXED FIELD--GENERAL INFORMATION | |
| fixed length control field | cr|||| |||| |
| 008 - FIXED-LENGTH DATA ELEMENTS--GENERAL INFORMATION | |
| fixed length control field | 120702s2012 spc|||| |||| 0|0 0 spa| |
| 017 ## - | |
| -- | DL B. 12130-2012 |
| -- | Biblioteca de Catalunya |
| 020 ## - INTERNATIONAL STANDARD BOOK NUMBER | |
| International Standard Book Number | 9788476989210 |
| 035 ## - | |
| -- | 6684 |
| 040 ## - CATALOGING SOURCE | |
| Original cataloging agency | ES-BaBC |
| Language of cataloging | cat |
| Transcribing agency | ES-BaBC |
| Modifying agency | vLex |
| 043 ## - | |
| -- | e-sp--- |
| 080 ## - | |
| -- | 336.2.027(460) |
| 090 ## - | |
| -- | 3435 |
| -- | 3435 |
| 100 1# - MAIN ENTRY--PERSONAL NAME | |
| Personal name | Lizanda, José Manuel |
| 245 10 - TITLE STATEMENT | |
| Title | Contabilidad y fiscalidad de las combinaciones de negocios y otras operaciones societarias |
| Medium | [Recurso electrónico] : |
| Remainder of title | incluye supuestos prácticos / |
| Statement of responsibility, etc | José Manuel Lizanda Cuevas, Carlos Abad Llavori |
| 256 ## - | |
| -- | Servicio en línea |
| 260 ## - PUBLICATION, DISTRIBUTION, ETC. (IMPRINT) | |
| Place of publication, distribution, etc | Barcelona : |
| Name of publisher, distributor, etc | Bosch : |
| -- | ESADE, Facultad de Derecho, Universidad Ramon Llull : |
| -- | ACCID, Associació Catalana de Comptabilitat i Direcció, |
| Date of publication, distribution, etc | 2012 |
| 300 ## - PHYSICAL DESCRIPTION | |
| Extent | 1 recurso electrónico |
| 490 1# - SERIES STATEMENT | |
| Series statement | Colección de formación continua. Serie manuales y monografías ; |
| Volume number/sequential designation | 3 |
| 506 1# - RESTRICTIONS ON ACCESS NOTE | |
| Terms governing access | Contenido solo disponible en los productos indicados |
| Authorized users | vLex Global |
| -- | vLex Global (Academic Edition, excluding Law Schools) |
| -- | vLex Global (U.S. Academic Edition, Law Schools) |
| -- | vLex Global (U.S. Academic Edition, excluding Law Schools) |
| -- | vLex Global (Academic Edition, Law Schools) |
| 650 04 - SUBJECT ADDED ENTRY--TOPICAL TERM | |
| Topical term or geographic name as entry element | Derecho fiscal |
| Geographic subdivision | España |
| 650 04 - SUBJECT ADDED ENTRY--TOPICAL TERM | |
| Topical term or geographic name as entry element | Contabilidad |
| 650 04 - SUBJECT ADDED ENTRY--TOPICAL TERM | |
| Topical term or geographic name as entry element | Empresas |
| General subdivision | Impuestos |
| Geographic subdivision | España |
| 700 1# - ADDED ENTRY--PERSONAL NAME | |
| Personal name | Abad Llavori, Carlos Manuel |
| 710 2# - ADDED ENTRY--CORPORATE NAME | |
| Corporate name or jurisdiction name as entry element | Escola Superior d'Administració i Direcció d'Empreses |
| 710 2# - ADDED ENTRY--CORPORATE NAME | |
| Corporate name or jurisdiction name as entry element | Associació Catalana de Comptabilitat i Direcció |
| 740 0# - | |
| -- | vLex Libros (Servicio en línea) |
| 830 #0 - | |
| -- | Colección de formación continua. |
| -- | Serie manuales y monografías ; |
| -- | 3 |
| 856 40 - LOCALIZACIÓN Y ACCESO ELECTRÓNICO | |
| Identificador Uniforme del Recurso (URI/URL) | https://app.vlex.com/#/sources/contabilidad-fiscalidad-combinaciones-negocios-otras-operaciones-societarias-6684 |
| 942 ## - | |
| -- | RAA |
| 999 ## - | |
| -- | 161825 |
| -- | 161825 |
No hay ítems disponibles.